| 000 | 01246cam a2200277 i 4500 | ||
|---|---|---|---|
| 003 | SA-RiAUC | ||
| 005 | 20250727060221.0 | ||
| 008 | 250725s1984 su g bc f000 0 ara c | ||
| 040 |
_aSA-JeALM _bara _cSA-RiAUC _erda |
||
| 043 | _aa-su--- | ||
| 082 | 0 | 4 | _a011.31 |
| 090 |
_a011.31 _bن ا غ |
||
| 100 | 1 |
_aالناغي، حسن أبو صالح _eمؤلف. |
|
| 245 | 1 | 0 |
_aفهرس مخطوطات المكتبة المركزية. _cإعداد حسن أبو صالح الناغي، محمد مطيع الرحمن، فاروق محمد فرج. _n2 / |
| 264 | 1 |
_aجدة، السعودية : _bجامعة الملك عبد العزيز، _c1984. |
|
| 300 |
_a401 صفحة ؛ _c24 سم |
||
| 336 |
_aنص _btxt _2rdacontent _3كتاب |
||
| 337 |
_aبدون وسيط _bn _2rdamedia |
||
| 338 |
_aمجلد _bnc _2rdacarrier |
||
| 610 | 2 | 7 |
_aجامعة الملك عبد العزيز. _bالمكتبة المركزية _xمخطوطات _vفهارس _2aucnm |
| 650 | 7 |
_aالمخطوطات العربية _zالسعودية _vببليوجرافيات _2aucsh |
|
| 700 | 1 |
_aالحافظ، محمد مطيع، _d1940- _eمؤلف. |
|
| 700 | 1 |
_aفرج، فاروق محمد _eمؤلف. |
|
| 942 |
_2ddc _cBOOK _n0 |
||
| 949 |
_aSA-JeALM _d250725 _umohamedma123 _n1 |
||
| 999 |
_c10321 _d10321 |
||